Penzijné fondy vo svete a na Slovensku
Viaceré úrovne organizovania systému dôchodkového zabezpečenia vo vyspelých krajinách. Druhy penzií, ktoré čerpá väčšina zamestnancov v penzijnom veku. Charakteristika penzijného fondu. Výhody penzijného poistenia. Druhy penzijných plánov. Investovanie penzijných fondov. Aktíva penzijných fondov. Si...
Uložené v:
| Hlavný autor: | |
|---|---|
| Médium: | Kapitola |
| Jazyk: | Slovak |
| Predmet: | |
| Tagy: |
Žiadne tagy, Buďte prvý, kto otaguje tento záznam!
|
MARC
| LEADER | 00000naa a2200000 4500 | ||
|---|---|---|---|
| 001 | r031019 | ||
| 005 | 20230919081033.6 | ||
| 041 | 0 | |a slo | |
| 044 | |a SK | ||
| 245 | 1 | 0 | |a Penzijné fondy vo svete a na Slovensku |c Božena Chovancová |
| 520 | |a Viaceré úrovne organizovania systému dôchodkového zabezpečenia vo vyspelých krajinách. Druhy penzií, ktoré čerpá väčšina zamestnancov v penzijnom veku. Charakteristika penzijného fondu. Výhody penzijného poistenia. Druhy penzijných plánov. Investovanie penzijných fondov. Aktíva penzijných fondov. Situácia na Slovensku. Nárok z doplnkového dôchodkového poistenia. Výhody tejto formy poistenia pre zamestnávateľa a zamestnanca. | ||
| 610 | 2 | 0 | |a fondy penzijné |
| 610 | 2 | 0 | |a zabezpečenie dôchodkové |
| 610 | 2 | 0 | |a penzie |
| 610 | 2 | 0 | |a poistenie dôchodkové |
| 610 | 2 | 0 | |a poistenie dôchodkové doplnkové |
| 610 | 2 | 0 | |a poistenie dôchodkové individuálne |
| 610 | 2 | 0 | |a investovanie |
| 610 | 2 | 0 | |a krajiny vyspelé |
| 610 | 2 | 0 | |a Slovensko |
| 100 | 1 | |a Chovancová, Božena | |